000 00705nam a2200193Ii 4500
003 JO-AjNU
008 230605s9999||||xx |||||||||||||| ||und||
040 _aJO-AjNU
_bara
_erda
_cJO-AjNU
041 _aara
050 1 4 _aK218.2010
100 3 _a العوضى ، عبد الهادى فوزي ,
_eauthor
_932413
245 0 0 _aالمدخل لدراسة القانون المصرى والعمانى مع الإشارة الى الوضع في القانون الفرنسي
250 _a(د،ط)
264 3 1 _aالقاهرة : دار النهضة العربية ، 2010
300 _a624ص
336 _atext
_btxt
_2rdacontent
337 _aunmediated
_bn
_2rdamedia
338 _avolume
_bnc
_2rdacarrier
999 _aA13082
_c16650
_d16650